000 00545nam a2200205Ia 4500
005 20250923145735.0
008 008 250917s9999 xx 000 0 eng d
037 _aTextual
040 _aDSWL
_beng
_cDSWL
041 _aeng
_2eng
084 _aY
_qDSWL
245 0 _aSurvey of research in sociology and social anthropology 1969-1979
_cby I.C.S.S.R.
250 _a1st
260 _aNew Delhi
_bStavahan
_c1986
300 _axv,264p.
365 _aINR
_b140.00
925 _g140.00
942 _cTEXL
_hY
999 _c1455065
_d1455065